| 000 | 01333nam a22003737a 4500 | ||
|---|---|---|---|
| 001 | 0041043 | ||
| 003 | KOHA_MİRAKIL | ||
| 005 | 20260207003223.0 | ||
| 007 | ta | ||
| 008 | 130730b2009 tu |||gr||||#||||1|tur | | ||
| 020 |
_a9789944887052 _q |
||
| 020 | _a9789944887069 | ||
| 040 |
_aTR-BiSEU _btur _cTR-BiSEU _erda |
||
| 041 | 0 | _atur | |
| 044 | _ctu | ||
| 050 |
_aPA4017.H3 _bB88 2009 |
||
| 100 | 1 | _aHipponaks, Ephesoslu. | |
| 245 | 1 |
_aBütün fragmanlar/ _cEphesoslu Hipponaks ; Ephesoslu Hipponaks ; çeviren, Alova ; editör, Ali Alkan İnal.. |
|
| 264 | 1 |
_aİstanbul : _bTürkiye İş Bankası Kültür Yayınları _c2009 |
|
| 300 |
_axiv, 92 sayfa ; _c20 cm. |
||
| 336 |
_ametin _btxt _2rdacontent |
||
| 337 |
_aaracısız _bn _2rdamedia |
||
| 338 |
_acilt _bnc _2rdacarrier |
||
| 490 | 1 | _aTürkiye İş Bankası kültür yayınları. | |
| 490 | 1 |
_aGenel yayın ; _v1767. |
|
| 490 | 1 |
_aHasan Ali Yücel klasikler dizisi ; _vCXVI |
|
| 500 | _aBibliography: p. 83. | ||
| 650 | 0 |
_aIambic poetry, Greek--History and criticism. _976131 |
|
| 650 | 0 |
_aHipponax, fl. 540-537 B.C.--Criticism and interpretation. _976132 |
|
| 830 | 1 |
_aTürkiye İş Bankası kültür yayınları. _99046 |
|
| 830 | 1 |
_aGenel yayın ; _v1767. _911064 |
|
| 830 | 1 |
_aHasan Ali Yücel klasikler dizisi ; _vCXVI _943692 |
|
| 942 |
_2lcc _cBK |
||
| 999 |
_c40904 _d40904 |
||